Misteri tebing tinggi

Bibliographic Details
Main Author: Badrul Hisham
Corporate Author: Title
Format: Book
Published: Kuala Lumpur : Penerbitan Fargoes , 2001
Series:Siri 3 penyiasat
Subjects:

MARC

LEADER 00000cam a2200000 7i4500
001 0000002628
005 20151222.0
008 070713
020 |a 9831513851 
090 0 0 |a JF   |b AD MAL (3535) 
100 0 |a Badrul Hisham 
245 1 0 |a Misteri tebing tinggi   |c Badrul Hisham 
260 |a Kuala Lumpur :   |b Penerbitan Fargoes ,   |c 2001 
440 |a Siri 3 penyiasat 
500 |a Children ages 7-9 years old (orange) 
650 0 |a Adventure 
650 0 |a Junior fiction   |x Malay   |x Languages 
710 0 |a Title 
999 |a 0000867442   |b Book   |c Children Collection   |e Cawangan Segamat 
999 |a 0000867443   |b Book   |c Children Collection   |e Cawangan Segamat 
999 |a 0000881698   |b Book   |c Children Collection   |e Cawangan Bandar Penawar 
999 |a 0000881699   |b Book   |c Children Collection   |e Cawangan Taman Universiti 
999 |a 0000881700   |b Book   |c Children Collection   |e Cawangan Pontian 
999 |a 0000881701   |b Book   |c Children Collection   |e Cawangan Segamat 
999 |a 0000968979   |b Book   |c Children Collection   |e Cawangan Sri Merlong 
999 |a 0000968980   |b Book   |c Children Collection   |e Perbadanan Perpustakaan Awam Johor 
999 |a 0000968981   |b Book   |c Children Collection   |e Cawangan Pontian 
999 |a 0000968982   |b Book   |c Children Collection   |e Cawangan Bandar Penawar